Countries closest to Prague - Statistics

General Stats
  • This quiz has been taken 25 times
  • The average score is 19 of 21
Answer Stats
km Answer % Correct
246 Slovakia
100%
585 Belgium
96%
425 Croatia
96%
489 France
96%
87 Germany
96%
315 Hungary
96%
412 Italy
96%
94 Poland
96%
573 Serbia
96%
150 Austria
92%
609 Netherlands
92%
625 Romania
92%
388 Slovenia
92%
472 Switzerland
92%
591 Ukraine
92%
627 Denmark
88%
574 Luxembourg
88%
568 Bosnia and Herzegovina
75%
492 Liechtenstein
75%
676 San Marino
75%
596 Sweden
54%
No matching quizzes found
Score Distribution
Percent of People with Each Score
Percentile by Number Answered
Your Score History
You have not taken this quiz